000 00716nam a2200241 a 4500
001 BRCA_7572
005 20190320205908.0
008 130613s1951----fr-a######---#000-0#fre-#
041 _afre
044 _afr
050 4 _aND641
_b.B47 1951
100 1 _aBersier, Jean Eugene
_918681
245 1 0 _aL´influence de l´Italie dans la peinture hollandaise
_cpar Jean Eugene Bersier.
260 _aParís
_bMusée National des Beaux Arts D´Alger
_c1951
300 _a172 p.
_bil., láminas
_c25 cm.
440 0 _aÉtudes D´Art
_918682
500 _aIncluye índice de ilustraciones
500 _aS56
650 1 4 _aPintura holandesa
_99393
650 1 4 _aPintura italiana
_910312
902 _aGFM
942 _2lcc
_cB
999 _c7246
_d7246